The house to ourselves : (Record no. 144537)

MARC details
000 -LEADER
fixed length control field 01037cam a2200253 a 4500
001 - CONTROL NUMBER
control field vtls003230080
003 - CONTROL NUMBER IDENTIFIER
control field MY-SjTCS
005 - DATE AND TIME OF LATEST TRANSACTION
control field 20200226115201.0
008 - FIXED-LENGTH DATA ELEMENTS--GENERAL INFORMATION
fixed length control field 120406s2004 ctua 000 0 eng d
020 ## - INTERNATIONAL STANDARD BOOK NUMBER
International Standard Book Number 1561584908 (hbk.)
020 ## - INTERNATIONAL STANDARD BOOK NUMBER
International Standard Book Number 9781561584901 (hbk.)
039 #9 - LEVEL OF BIBLIOGRAPHIC CONTROL AND CODING DETAIL [OBSOLETE]
Level of rules in bibliographic description 201204161406
Level of effort used to assign nonsubject heading access points pushpa
Level of effort used to assign subject headings 201204061817
Level of effort used to assign classification shuhada
Level of effort used to assign subject headings 201204061816
Level of effort used to assign classification shuhada
-- 201204061809
-- shuhada
043 ## - GEOGRAPHIC AREA CODE
Geographic area code n-us---
082 04 - DEWEY DECIMAL CLASSIFICATION NUMBER
Classification number 728.370286
Item number LAW 2004
100 1# - MAIN ENTRY--PERSONAL NAME
Personal name Lawson, Todd.
9 (RLIN) 60025
245 14 - TITLE STATEMENT
Title The house to ourselves :
Remainder of title reinventing home once the kids are grown /
Statement of responsibility, etc. Todd Lawson and Tom Connor ; photographs by Rob Karosis.
260 ## - PUBLICATION, DISTRIBUTION, ETC.
Place of publication, distribution, etc. Newtown, CT :
Name of publisher, distributor, etc. Taunton Press,
Date of publication, distribution, etc. c2004.
300 ## - PHYSICAL DESCRIPTION
Extent 217 p. :
Other physical details col. ill. ;
Dimensions 29 cm.
650 #0 - SUBJECT ADDED ENTRY--TOPICAL TERM
Topical term or geographic name entry element Empty nesters
General subdivision Dwellings
Geographic subdivision United States.
650 #0 - SUBJECT ADDED ENTRY--TOPICAL TERM
Topical term or geographic name entry element Dwellings
General subdivision Remodeling
Geographic subdivision United States.
9 (RLIN) 24167
700 1# - ADDED ENTRY--PERSONAL NAME
Personal name Connor, Tom.
9 (RLIN) 25560
920 ## - Programme
Programme SHT : 180463
Holdings
Withdrawn status Lost status Source of classification or shelving scheme Damaged status Not for loan Home library Current library Date acquired Serial Enumeration / chronology Total Checkouts Barcode Date last seen Date last checked out Copy number Uniform Resource Identifier Koha item type Public note
    Dewey Decimal Classification     Taylor's Library-TU Taylor's Library-TU 06/04/2012 Gift 1 5000114576 05/12/2019 02/07/2015 1 Floor 4, Shelf 31 , Side 2, TierNo 4, BayNo 2 Main Collection SHTEx,70002,03,CL